000 00858nam a2200217 i 4500
001 81140
003 ES-MaACL
005 20230906174357.0
007 t|
008 041103s1950 sp ||||1| spa d
100 1 _aHoyos Sáinz, Luis de,
_d1868-1951
_964437
245 1 0 _aInvestigaciones de Antropología Prehistórica de España /
_cpor Luis de Hoyos Sáinz.
260 _aMadrid :
_bConsejo Superior de Investigaciones Científicas,
_c1950 (
_fJura)
300 _a271 p., 9 lám. :
_bil. ;
_c25 cm.
500 _aPrecede al tít.: Instituto Bernardino de Sahagún. Antropología y Etnología.
500 _aEs el v. 1º.
710 2 _aInstituto Bernardino de Sahagún de Antropología y Etnología.
_94800
710 2 _aConsejo Superior de Investigaciones Científicas (España)
_93236
852 _aES-MaACL
_jE-3287
999 _c81140
_d81140